000
00337 a2200169 4500
001
189248
020
_a
978-85-08-11035-3
040
_c
Magnum
100
_a
Gewandsznajder, Fernando
240
1
0
_a
Biologia
_l
por
245
1
0
_a
Biologia
300
_a
696
362
0
_a
2011
440
1
_a
Ática
697
_a
BIOLOGIA
942
_c
BK
999
_c
189248
_d
189248